000
00208 a2200097 4500
001
27415
100
_a
Danielson, G L
245
_a
Radio and Transmission
260
_a
_b
Iliffe
_c
1972
090
_c
18209
_d
18209
942
_a
NUST-CAE
_c
M
_c
9124
999
_c
262488
_d
262488